00498 2200205 4500001002100000005001500021035002000036245002300056100001400079300002100093260004100114082001400155084002100169020001800190008004100208250001100249650001000260990001100270990001100281INLIS00000000000173220250107022640 a0010-11240000181 aHello /cTere Liye0 aTere Liye a318 hlm ;c20 cm aDepok :bSabak Grip Nusantara,c2024 a899.221 3 a899.221 3 TER h a9786238829682250107 0  acet. 7 4aNovel a003614 a003615